00886nam a2200205Ia 4500003000900000008004100009020001800050040001600068080001300084111008700097245021600184260003700400300001500437650002200452700003000474700002800504942000700532999001700539952012400556IN-BaIIA211028s9999 xx 000 0 eng d a0-7923-3899-5 cIIA Library a524bMIL aInternational Conference on Shocks in AstrophysicscEnglandd1995 Jan. 9-12921416 0aShocks in astrophysicsbproceedings of the International conference held at UMIST, Manchester, England from January 9-12, 1995cedited by T. J. Millar and A. C. Raga  aDordrechtbKluwer Academicc1995 aiix, 336p. aAstrophysics9794 aMillar, T. J., ed.915764 aRaga, A. C., ed.921417 cBK c12247d12247 00104070aBANbBANcGENd1997-09-23eALL l1o524/ MILp13163r2022-12-07s2022-05-18w1997-09-23yBKGDFL 280.00